Towards a sustainable future :

Bibliografske podrobnosti
Korporativna značnica: BRAC University
Format: Knjiga
Jezik:English
Izdano: Dhaka, Bangladesh : BRAC University, 2025 printing.
Teme:
Online dostop:Full text available on BRAC University Institutional Repository
Classic Catalogue: View this record in Classic Catalogue
LEADER 02502nam a22003377a 4500
001 45183
003 BD-DhAAL
005 20251214103352.0
008 251214t2025 bg a|||| |||| 00| 0 eng d
040 |a BD-DhAAL  |c BD-DhAAL 
082 |a 378.1554  |2 23 
245 |a Towards a sustainable future :  |k annual report,  |f 2023-2024. 
246 |a Towards a sustainable future :  |b annual report,  |f 2023-2024 
246 |a Towards a sustainable future : annual report 2023-2024 
260 |a Dhaka, Bangladesh :  |b BRAC University,  |c 2025 printing. 
300 |a 166 pages :  |b color illustrations ;  |c 30 cm 
310 |a Annual 
541 |a Complimentary copy from Registrar Office, BRAC University  |e 45183, 45184, 45185, 45186, 45187 
650 |a Education, Higher. 
650 |a Education. 
650 |a University extension. 
710 |a BRAC University 
852 |a Ayesha Abed Library  |c General Stacks 
856 |z Full text available on BRAC University Institutional Repository  |u https://dspace.bracu.ac.bd/xmlui/handle/10361/26730 
942 |2 ddc  |c BK 
999 |c 47670  |d 47670 
952 |0 0  |1 0  |2 ddc  |4 0  |6 378_155400000000000_TOW  |7 1  |8 RPT  |9 78622  |a BRACUL  |b BRACUL  |d 2025-12-14  |e Complimentary copy from Registrar Office, BRAC University  |l 0  |o 378.1554 TOW  |p 3010045183  |r 2025-12-14  |t 1  |w 2025-12-14  |y BK  |x Complimentary copy from Registrar Office, BRAC University ; The book has been kept in Librarian's room. 
952 |0 0  |1 0  |2 ddc  |4 0  |6 378_155400000000000_TOW  |7 0  |8 RPT  |9 78623  |a BRACUL  |b BRACUL  |c GEN  |d 2025-12-14  |e Complimentary copy from Registrar Office, BRAC University  |l 0  |o 378.1554 TOW  |p 3010045184  |r 2025-12-14  |t 2  |w 2025-12-14  |y BK  |x Complimentary copy from Registrar Office, BRAC University 
952 |0 0  |1 0  |2 ddc  |4 0  |6 378_155400000000000_TOW  |7 0  |8 RPT  |9 78624  |a BRACUL  |b BRACUL  |c GEN  |d 2025-12-14  |e Complimentary copy from Registrar Office, BRAC University  |l 0  |o 378.1554 TOW  |p 3010045185  |r 2025-12-14  |t 3  |w 2025-12-14  |y BK  |x Complimentary copy from Registrar Office, BRAC University 
952 |0 0  |1 0  |2 ddc  |4 0  |6 378_155400000000000_TOW  |7 0  |8 RPT  |9 78625  |a BRACUL  |b BRACUL  |c GEN  |d 2025-12-14  |e Complimentary copy from Registrar Office, BRAC University  |l 0  |o 378.1554 TOW  |p 3010045186  |r 2025-12-14  |t 4  |w 2025-12-14  |y BK  |x Complimentary copy from Registrar Office, BRAC University 
952 |0 0  |1 0  |2 ddc  |4 0  |6 378_155400000000000_TOW  |7 0  |8 RPT  |9 78626  |a BRACUL  |b BRACUL  |c GEN  |d 2025-12-14  |e Complimentary copy from Registrar Office, BRAC University  |l 0  |o 378.1554 TOW  |p 3010045187  |r 2025-12-14  |t 4  |w 2025-12-14  |y BK  |x Complimentary copy from Registrar Office, BRAC University